000 00578nam a2200217Ia 4500
005 20250508165357.0
008 008 250505s9999 xx 000 0 hin d
020 _a978-81-87171-41-6
037 _aTextBook
040 _aFEDL
_beng
_cFEDL
041 _ahin
_2hin
084 _a510, EKL/R
_qFEDL
100 _aPortman Jain
_9777623
245 0 _aGanit ki gatividhiyan
260 _aBhopal, India
_bEklavya
_c2002
300 _a108p.
365 _aINR
_b1395
700 _a Richardson Jeremi
_9780662
942 _cTB
_h510, EKL/R
999 _c1394767
_d1394767